书目信息 |
| 题名: |
环境群体性事件治理模式研究
|
|
| 作者: | 李巍 著 | |
| 分册: | ||
| 出版信息: | 北京 中国致公出版社 2017 |
|
| 页数: | 258页 | |
| 开本: | 24cm | |
| 丛书名: | 政治学研究丛书 | |
| 单 册: | ||
| 中图分类: | X507 | |
| 科图分类: | ||
| 主题词: | 环境污染--群体性--突发事件--处理--研究--中国 | |
| 电子资源: | ||
| ISBN: | 978-7-5145-1099-7 | |
| 000 | 00894oam2 2200241 450 | |
| 001 | 5712 | |
| 005 | 20181020144653.04 | |
| 010 | @a978-7-5145-1099-7@dCNY60.00 | |
| 100 | @a20180913d2017 em y0chiy50 ea | |
| 101 | 0 | @achi |
| 102 | @aCN@b110000 | |
| 105 | @ay z 000yy | |
| 200 | 1 | @a环境群体性事件治理模式研究@9huan jing qun ti xing shi jian zhi li mo shi yan jiu@f李巍著 |
| 210 | @a北京@c中国致公出版社@d2017 | |
| 215 | @a258页@d24cm | |
| 225 | 1 | @a政治学研究丛书 |
| 330 | @a本书共分六章,主要内容有:环境群体性事件及其生发原因;环境群体性事件治理模式之困;公共协商:环境群体性事件的治理之道;国外协商治理的经验借鉴;环境群体性事件协商治理模式的实现路径。 | |
| 461 | 0 | @12001 @a政治学研究丛书 |
| 606 | 0 | @a环境污染@x群体性@x突发事件@x处理@x研究@y中国 |
| 690 | @aX507@v5 | |
| 701 | 0 | @a李巍@9li wei@c(女,@f1981-)@4著 |
| 801 | 0 | @aCN@b91MARC@c20180913 |
| 905 | @aMuseLib@dX507@e203 | |
| 环境群体性事件治理模式研究/李巍著.-北京:中国致公出版社,2017 |
| 258页;24cm.-(政治学研究丛书) |
| ISBN 978-7-5145-1099-7:CNY60.00 |
| 本书共分六章,主要内容有:环境群体性事件及其生发原因;环境群体性事件治理模式之困;公共协商:环境群体性事件的治理之道;国外协商治理的经验借鉴;环境群体性事件协商治理模式的实现路径。 |
| ● |
| 相关链接 |
|
|
|
|
正题名:环境群体性事件治理模式研究
索取号:X507/203
 
预约/预借
| 序号 | 登录号 | 条形码 | 馆藏地/架位号 | 状态 | 备注 |
| 1 | 1130929 | 211309298 | 第二样本阅览室/ [索取号:X507/203] | 在馆 | |
| 2 | 1130930 | 211309305 | 密集书库-资源管理系/ [索取号:X507/203] | 在馆 | |
| 3 | 1130931 | 211309314 | 第三借阅区/ [索取号:X507/203] | 在馆 | |
| 4 | 1130932 | 211309323 | 第三借阅区/ [索取号:X507/203] | 在馆 | |
| 5 | 1130933 | 211309332 | 第三借阅区/ [索取号:X507/203] | 在馆 |